Click Word to Definition - Statistics

General Stats
  • This quiz has been taken 189 times
  • The average score is 13 of 15
Answer Stats
Hint Answer % Correct
Feeling sure about your own ability to do things and be successful Confident
98%
Extremely large Enormous
97%
A tube that you can breathe air through when you are swimming under the surface of the water Snorkel
97%
A part of a road where vehicles must stop to allow people to cross Crosswalk
96%
A large crowd of people, especially one that may become violent or cause trouble Mob
94%
A fact or an event in nature or society, especially one that is not fully understood Phenomenon
94%
An amount that is extra or more than you need Surplus
94%
To help somebody learn something by giving information about it Teach
94%
​The branch of theology that is about death and judgement Eschatology
93%
Angry and aggressive in a way that is frightening Fierce
91%
A child who enjoys playing tricks and causing trouble Scamp
86%
To become involved in a situation in order to improve or help it Intervene
85%
Spread over a wide area Diffuse
76%
Any of the physical or mental abilities that a person is born with Faculty
74%
Full of energy, courage or determination Spirited
74%
No matching quizzes found
Score Distribution
Percent of People with Each Score
Percentile by Number Answered
Your Score History
You have not taken this quiz